| 000 | 00645nam a2200205 a 4500 | ||
|---|---|---|---|
| 001 | 000019816 | ||
| 005 | 20200929170141.0 | ||
| 008 | 100707s1971 sp r 000 f spa d | ||
| 040 |
_aDO-SdBNP _bspa _cBNPHU |
||
| 082 |
_a843.914 _bQ92d |
||
| 100 | 1 |
_aQuoist, Michel, _d1914-1997 _942294 |
|
| 245 | 1 | 0 |
_aDar : _bEl diario de Ana María / _cMichel Quoist ; traducción Ramón María Sans Vila. |
| 250 | _a14a ed. | ||
| 260 |
_aBarcelona : _bEditorial Herder, _c1971. |
||
| 300 |
_a333 p. ; _c20 cm. |
||
| 650 | 4 |
_aNovela francesa _91075 |
|
| 650 | 4 |
_aLiteratura francesa _91074 |
|
| 700 | 1 |
_aSans Vila, Ramón María, _etr. _942295 |
|
| 049 | _aBNGR | ||
| 999 |
_c19329 _d19329 |
||